000 00720nam a22002537a 4500
005 20170124105913.0
010 _aA-226937
020 _c00.00
_a0706904311
035 _aA-226937
037 _bCen Lib/Ret
040 _aDPL
_bEN
082 _a010
_bGIR
100 _aGirja Kumar
_91102
245 _aBibliography /
_cby Girja Kumar [and] Krishan Kumar
250 _a2nd ed
260 _aNew Delhi
_bVikas Publishing House
_c1979
270 _a5 Ansari Road
_bNew Delhi
_e110002
300 _a297p.
_c21cm(Hb)
500 _aIncludes index and appendix
650 _aLibrary Science
_9106819
650 _aBibliography
_91104
700 _aKrishan Kumar
_9106820
942 _2ddc
_cEN
_h010
_mGIR
999 _c122602
_d122602